| 000 | 00650cam a22002051 4500 | ||
|---|---|---|---|
| 001 | g 01000987 | ||
| 003 | DLC | ||
| 005 | 20260227111253.0 | ||
| 008 | 820607s1899 gw b 000 0 ger | ||
| 010 | _ag 01000987 | ||
| 035 | _a(OCoLC)29094935 | ||
| 040 |
_aDLC _cMnU _dDLC |
||
| 042 | _apremarc | ||
| 050 | 0 | 0 |
_aCS629 _b.S8 1899 |
| 100 | 1 |
_aRadziwiłł, Karol Ferdynand Bogusław Maria Józef Franciszek, _cksiż̨ę. |
|
| 245 | 0 | 0 | _aEntwicklung des fürstlich Stolbergischen grundbesitzes seit dem XIII. |
| 260 |
_aJena, _bG. Fischer, _c1899. |
||
| 300 |
_aviii, 172 p. _bmaps (part col., part fold.) _c24 cm. |
||
| 600 | 3 | 0 |
_aStolberg, _cHouse of. |
| 999 |
_c23615 _d23615 |
||